Konflikt a obnova v Afganistánu: kontext, prostředí a zájmy
Guardado en:
| Autor principal: | |
|---|---|
| Otros Autores: | , |
| Formato: | Libro |
| Lenguaje: | checo |
| Publicado: |
Praha
Ústav mezinárodních vztahů
2012
|
| Edición: | 1. vyd. |
| Materias: | |
| Etiquetas: |
Sin Etiquetas, Sea el primero en etiquetar este registro!
|
MARC
| LEADER | 00000nam a2200000 4500 | ||
|---|---|---|---|
| 001 | 0192201 | ||
| 005 | 20240313085941.6 | ||
| 020 | |a 978-80-87558-06-5 | ||
| 041 | 0 | |a cze | |
| 044 | |a CZ | ||
| 245 | 1 | 0 | |a Konflikt a obnova v Afganistánu: kontext, prostředí a zájmy |c Nik Hynek, Jan Eichler, Lubomír Majerník |
| 250 | |a 1. vyd. | ||
| 264 | 1 | |a Praha |b Ústav mezinárodních vztahů |c 2012 | |
| 300 | |a 191 s. | ||
| 610 | 2 | 0 | |a konflikty |
| 610 | 2 | 0 | |a konflikty medzinárodné |
| 610 | 2 | 0 | |a konflikty etnické |
| 610 | 2 | 0 | |a konflikty náboženské |
| 610 | 2 | 0 | |a bezpečnosť národná |
| 610 | 2 | 0 | |a Afganistan |
| 610 | 2 | 0 | |a situácia politická |
| 610 | 2 | 0 | |a situácia hospodárska |
| 610 | 2 | 0 | |a situácia sociálna |
| 610 | 2 | 0 | |a riziko bezpečnostné |
| 100 | 1 | |a Hynek, Nik | |
| 700 | 1 | |a Eichler, Jan | |
| 700 | 1 | |a Majerník, Lubomír | |